[Event "Korosztályos Bajnokság u18l"]
[Site "Balatonlelle"]
[Date "2015.06.18"]
[Round "1.1"]
[White "Egyed, Viktoria"]
[Black "Acs, Petra"]
[Result "1-0"]
[WhiteElo "1975"]
[BlackElo "1740"]
[PlyCount "93"]
[EventDate "2015.06.18"]
[EventType "tourn"]
[EventRounds "7"]
[EventCountry "HUN"]
[WhiteClock "0:35:42"]
[BlackClock "0:52:06"]

1. e4 e6 2. d3 d5 3. Nd2 dxe4 4. dxe4 Bd7 5. Ngf3 Bc6 6. Bd3 Nd7 7. Nb3 Nc5 8.
Nxc5 Bxc5 9. O-O Ne7 10. Ne5 Bd6 11. Qh5 Bxe5 12. Qxe5 O-O 13. Be3 Ng6 14. Qg3
e5 15. Rad1 Qe7 16. Rfe1 Rad8 17. Bg5 f6 18. Bd2 b6 19. h4 Rfe8 20. a3 Bb7 21.
Bb5 c6 22. Bb4 Qc7 23. Bc4+ Kh8 24. h5 Nf8 25. h6 Ng6 26. Qf3 c5 27. Bd2 Rd4
28. b3 Red8 29. Bd3 a6 30. a4 Qe7 31. g3 Bc6 32. Qh5 b5 33. hxg7+ Qxg7 34. Bh6
Qf7 35. axb5 axb5 36. Qf3 c4 37. bxc4 bxc4 38. Bxc4 Qe7 39. Bd3 Ra8 40. Ra1
Rda4 41. Rxa4 Rxa4 42. Rb1 Ra8 43. Rb6 Rc8 44. Qf5 Qd8 45. Qe6 Ba4 46. Rd6 Qe7
47. Qxc8+ 1-0

[Event "Korosztályos Bajnokság u18l"]
[Site "Balatonlelle"]
[Date "2015.06.18"]
[Round "1.2"]
[White "Haszon, Kamilla Sara"]
[Black "Werner, Anna"]
[Result "1-0"]
[WhiteElo "2009"]
[BlackElo "2039"]
[PlyCount "53"]
[EventDate "2015.06.18"]
[EventType "tourn"]
[EventRounds "7"]
[EventCountry "HUN"]
[WhiteClock "0:35:11"]
[BlackClock "0:00:33"]

1. e4 e6 2. d4 d5 3. Nd2 c5 4. exd5 Qxd5 5. dxc5 Bxc5 6. Ngf3 Nf6 7. Bc4 Qd6 8.
Qe2 Qc7 9. O-O Nc6 10. a4 O-O 11. b3 Nd4 12. Nxd4 Bxd4 13. Ba3 Bxa1 14. Rxa1
Rd8 15. Bb2 Qe7 16. Ne4 Nxe4 17. Qxe4 f6 18. Qh4 g5 19. Qe4 Rb8 20. h4 Bd7 21.
hxg5 Bc6 22. Bxe6+ Kf8 23. Qf5 Rd6 24. Re1 Re8 25. Ba3 Red8 26. gxf6 Qc7 27.
Qg5 1-0

[Event "Korosztályos Bajnokság u18l"]
[Site "Balatonlelle"]
[Date "2015.06.18"]
[Round "1.3"]
[White "Terbe, Zsuzsanna"]
[Black "Terbe, Julianna"]
[Result "1/2-1/2"]
[WhiteElo "2123"]
[BlackElo "2248"]
[PlyCount "23"]
[EventDate "2015.06.18"]
[EventType "tourn"]
[EventRounds "7"]
[EventCountry "HUN"]
[WhiteClock "1:24:12"]
[BlackClock "1:29:36"]

1. g3 d5 2. Bg2 c5 3. c4 d4 4. b4 cxb4 5. a3 bxa3 6. Bxa3 Nc6 7. d3 Nf6 8. Nf3
e5 9. Bxf8 Kxf8 10. O-O g6 11. Nbd2 Kg7 12. Qb3 1/2-1/2

[Event "Korosztályos Bajnokság u18l"]
[Site "Balatonlelle"]
[Date "2015.06.18"]
[Round "1.4"]
[White "Fekete, Agnes"]
[Black "Arvai, Eszter"]
[Result "0-1"]
[WhiteElo "1802"]
[BlackElo "1954"]
[PlyCount "72"]
[EventDate "2015.06.18"]
[EventType "tourn"]
[EventRounds "7"]
[EventCountry "HUN"]
[WhiteClock "0:20:08"]
[BlackClock "0:09:16"]

1. d4 d5 2. Nf3 Nf6 3. Bg5 e6 4. e3 Be7 5. Be2 Nbd7 6. O-O O-O 7. c4 c6 8. Nc3
b6 9. Rc1 dxc4 10. Bxc4 Bb7 11. Be2 Rc8 12. Ne5 Nxe5 13. dxe5 Nd5 14. Bxe7 Qxe7
15. Ne4 Rcd8 16. Nd6 Ba8 17. e4 Nc7 18. Qc2 f6 19. Nc4 Nb5 20. exf6 gxf6 21.
Bh5 Nd4 22. Qc3 c5 23. Rfe1 Kh8 24. Rcd1 Rg8 25. g3 Rg5 26. Bf3 Qg7 27. Bg2
Ne2+ 28. Rxe2 Rxd1+ 29. Re1 Rxe1+ 30. Qxe1 Qd7 31. Qc3 Qd1+ 32. Bf1 Qd4 33. Bg2
Qxc3 34. bxc3 Rg7 35. Nd6 Rd7 36. Ne8 Rd1+ 0-1

[Event "Korosztályos Bajnokság u18l"]
[Site "Balatonlelle"]
[Date "2015.06.19"]
[Round "2.1"]
[White "Acs, Petra"]
[Black "Arvai, Eszter"]
[Result "0-1"]
[WhiteElo "1740"]
[BlackElo "1954"]
[PlyCount "108"]
[EventDate "2015.06.18"]
[EventType "tourn"]
[EventRounds "7"]
[EventCountry "HUN"]
[WhiteClock "0:32:33"]
[BlackClock "0:11:10"]

1. e4 e5 2. Nf3 Nc6 3. Bc4 Nf6 4. d3 h6 5. Nc3 d6 6. h3 g6 7. O-O Bg7 8. Be3
O-O 9. a3 Kh7 10. d4 Qe8 11. dxe5 dxe5 12. Qe2 Be6 13. Rad1 Na5 14. Bxe6 Qxe6
15. Qb5 Nc4 16. Bc5 c6 17. Qb4 a5 18. Qb3 Rfe8 19. Nd2 b5 20. Nxc4 bxc4 21. Qa4
Bf8 22. Bxf8 Rxf8 23. Rd2 Nd7 24. Rxd7 Qxd7 25. Qxc4 Qe6 26. Qc5 Rfd8 27. Rd1
Rxd1+ 28. Nxd1 Rd8 29. Ne3 a4 30. Qa5 Rb8 31. Qc3 Rd8 32. Qa5 Rd4 33. f3 Qf6
34. Qe1 Qd8 35. Kh2 Qg5 36. Qe2 h5 37. b3 Qe7 38. Nc4 Qg5 39. Ne3 h4 40. Kg1
Rd8 41. Kf2 Qg3+ 42. Kg1 Kg7 43. Nc4 Qf4 44. Ne3 Rb8 45. b4 c5 46. c3 cxb4 47.
cxb4 Rc8 48. Qd2 Qf6 49. Nd5 Qc6 50. Kh2 Qc1 51. Qf2 Qg5 52. b5 Rc1 53. b6 Rb1
54. Nc3 Qf4+ 0-1

[Event "Korosztályos Bajnokság u18l"]
[Site "Balatonlelle"]
[Date "2015.06.19"]
[Round "2.2"]
[White "Terbe, Julianna"]
[Black "Fekete, Agnes"]
[Result "1-0"]
[WhiteElo "2248"]
[BlackElo "1802"]
[PlyCount "51"]
[EventDate "2015.06.18"]
[EventType "tourn"]
[EventRounds "7"]
[EventCountry "HUN"]
[WhiteClock "0:30:20"]
[BlackClock "0:43:52"]

1. d4 Nf6 2. Nf3 g6 3. g3 Bg7 4. Bg2 O-O 5. O-O d6 6. c4 Qe8 7. Nc3 e5 8. Nb5
Na6 9. dxe5 dxe5 10. b3 Nh5 11. Ne1 e4 12. Rb1 f5 13. Nc2 f4 14. Ba3 Rf7 15.
Ncd4 e3 16. Bd5 Bh3 17. g4 Nf6 18. Bxf7+ Qxf7 19. fxe3 Bxf1 20. Qxf1 Nxg4 21.
Qf3 Nxe3 22. Qxb7 Rd8 23. Qxa6 Bxd4 24. Nxd4 Rxd4 25. Qc8+ Kg7 26. Bb2 1-0

[Event "Korosztályos Bajnokság u18l"]
[Site "Balatonlelle"]
[Date "2015.06.19"]
[Round "2.3"]
[White "Werner, Anna"]
[Black "Terbe, Zsuzsanna"]
[Result "1/2-1/2"]
[WhiteElo "2039"]
[BlackElo "2123"]
[PlyCount "111"]
[EventDate "2015.06.18"]
[EventType "tourn"]
[EventRounds "7"]
[EventCountry "HUN"]
[WhiteClock "0:01:46"]
[BlackClock "0:01:44"]

1. d4 d5 2. c4 c6 3. Nf3 Nf6 4. Nbd2 Bf5 5. Nh4 Be6 6. e3 g6 7. Bd3 Bg7 8. O-O
O-O 9. b3 c5 10. Bb2 cxd4 11. Bxd4 Nc6 12. Bb2 Qc7 13. Nhf3 Rfd8 14. Qe2 Nb4
15. Be5 Qc8 16. cxd5 Nxd3 17. Qxd3 Bxd5 18. Rac1 Bc6 19. Qc2 Qe6 20. Qb2 Rd7
21. Bc3 Qd5 22. e4 Qh5 23. Ne5 Ng4 24. Nxg4 Bxc3 25. Qxc3 Qxg4 26. f3 Qg5 27.
Nc4 Rad8 28. Qe5 Qh4 29. Qg3 Qxg3 30. hxg3 Bb5 31. Kh2 Rd4 32. Rb1 b6 33. Rfc1
Bxc4 34. bxc4 Rd2 35. a4 Ra2 36. Rb4 Rdd2 37. Rg1 Kg7 38. g4 Rd3 39. Kg3 Rda3
40. Rd1 Rxa4 41. Rxa4 Rxa4 42. Rd7 Kf6 43. e5+ Ke6 44. Rc7 g5 45. Kf2 Ra5 46.
g3 Rc5 47. Rxa7 Rxc4 48. Rb7 Rb4 49. Ke3 f6 50. exf6 Kxf6 51. f4 h6 52. Rb8
Rb3+ 53. Kf2 Kf7 54. Rh8 b5 55. Rxh6 Rd3 56. Rb6 1/2-1/2

[Event "Korosztályos Bajnokság u18l"]
[Site "Balatonlelle"]
[Date "2015.06.19"]
[Round "2.4"]
[White "Egyed, Viktoria"]
[Black "Haszon, Kamilla Sara"]
[Result "1-0"]
[WhiteElo "1975"]
[BlackElo "2009"]
[PlyCount "93"]
[EventDate "2015.06.18"]
[EventType "tourn"]
[EventRounds "7"]
[EventCountry "HUN"]
[WhiteClock "0:53:23"]
[BlackClock "0:52:59"]

1. e4 c5 2. c3 Nf6 3. e5 Nd5 4. d4 cxd4 5. cxd4 e6 6. Nf3 d6 7. Bc4 Nc6 8. O-O
Be7 9. Re1 O-O 10. Nbd2 Qb6 11. Ne4 dxe5 12. dxe5 Rd8 13. Qe2 Nd4 14. Nxd4 Qxd4
15. Bxd5 Rxd5 16. Nc3 Rd7 17. Rd1 Qh4 18. Be3 b6 19. Qb5 Rxd1+ 20. Rxd1 Bb7 21.
Qd7 Bxg2 22. Kxg2 Rd8 23. Qa4 Qxa4 24. Rxd8+ Bxd8 25. Nxa4 Bc7 26. Bd4 Kf8 27.
Nc3 a6 28. f4 Ke7 29. Kf3 f5 30. Na4 b5 31. Nc5 a5 32. a3 h6 33. Bc3 g5 34. Nb3
Kd7 35. Nxa5 Bb6 36. Nb3 Kc6 37. Nd4+ Kd5 38. Nxb5 g4+ 39. Kg3 Bd8 40. a4 h5
41. a5 h4+ 42. Kg2 Kc5 43. a6 Kb6 44. a7 Kb7 45. Bd4 Ba5 46. Be3 Bd8 47. b4 1-0

[Event "Korosztályos Bajnokság u18l"]
[Site "Balatonlelle"]
[Date "2015.06.20"]
[Round "3.1"]
[White "Haszon, Kamilla Sara"]
[Black "Acs, Petra"]
[Result "1/2-1/2"]
[WhiteElo "2009"]
[BlackElo "1740"]
[PlyCount "142"]
[EventDate "2015.06.18"]
[EventType "tourn"]
[EventRounds "7"]
[EventCountry "HUN"]
[WhiteClock "0:30:09"]
[BlackClock "0:18:36"]

1. e4 e6 2. d4 d5 3. Nd2 dxe4 4. Nxe4 Bd7 5. Nf3 Bc6 6. Bd3 Nd7 7. O-O Ngf6 8.
Neg5 Bd6 9. Re1 h6 10. Nxe6 fxe6 11. Bg6+ Ke7 12. c4 Bxf3 13. Qxf3 c6 14. c5
Bc7 15. Bf4 Nf8 16. Bf5 Kf7 17. Bc2 Bxf4 18. Qxf4 Qd7 19. Bb3 Re8 20. Rad1 Ng6
21. Qg3 Re7 22. Bc2 Nf8 23. f4 Qd5 24. Bb3 Qf5 25. h3 Kg8 26. Re5 Qh7 27. f5
N6d7 28. Bxe6+ Nxe6 29. Rxe6 Rf7 30. Re8+ Nf8 31. Rf1 h5 32. f6 Qh6 33. fxg7
Rxf1+ 34. Kxf1 Qxg7 35. Qxg7+ Kxg7 36. Rb8 Rh7 37. Rxb7+ Kf6 38. Rb4 Ne6 39.
Kf2 Kf5 40. g4+ hxg4 41. hxg4+ Kg5 42. Ke3 Nc7 43. Kd3 Nd5 44. Rb8 Kxg4 45. Rc8
Rc7 46. Rd8 Nb4+ 47. Kc4 Nxa2 48. d5 cxd5+ 49. Rxd5 Rb7 50. c6 Rxb2 51. Rc5 Rb8
52. c7 Rc8 53. Kb5 Kf4 54. Ka6 Nb4+ 55. Kb7 Rxc7+ 56. Rxc7 a5 57. Rc5 Nd3 58.
Rxa5 Ke4 59. Kc6 Ne5+ 60. Kc7 Nd3 61. Kd7 Ne5+ 62. Ke6 Nc6 63. Ra4+ Ke3 64. Kd5
Ne7+ 65. Ke6 Nc6 66. Kd6 Nd4 67. Kd5 Nf3 68. Re4+ Kd3 69. Ra4 Ke3 70. Rb4 Nd2
71. Ke5 Nf3+ {Ra4 Ke4+ Kxe4} 1/2-1/2

[Event "Korosztályos Bajnokság u18l"]
[Site "Balatonlelle"]
[Date "2015.06.20"]
[Round "3.2"]
[White "Terbe, Zsuzsanna"]
[Black "Egyed, Viktoria"]
[Result "1-0"]
[WhiteElo "2123"]
[BlackElo "1975"]
[PlyCount "69"]
[EventDate "2015.06.18"]
[EventType "tourn"]
[EventRounds "7"]
[EventCountry "HUN"]
[WhiteClock "0:00:42"]
[BlackClock "0:01:09"]

1. e4 c5 2. Nf3 e6 3. c4 Nc6 4. Nc3 a6 5. Be2 Nf6 6. O-O Be7 7. d4 cxd4 8. Nxd4
O-O 9. Be3 Qc7 10. Rc1 Ne5 11. f3 Re8 12. b3 Ng6 13. Kh1 Nh5 14. Qd2 Nhf4 15.
Bd1 Bb4 16. g3 Nh5 17. Qd3 Qa5 18. Na4 Bd6 19. f4 Ba3 20. Bd2 Qc7 21. Bxh5 Bxc1
22. Bxc1 d5 23. cxd5 exd5 24. exd5 Bh3 25. Rd1 Qa5 26. Nc3 Re7 27. Bd2 Rae8 28.
Bf3 Qd8 29. Nde2 Qc8 30. Ng1 Bf5 31. Qd4 Nf8 32. Rc1 Qd7 33. Qf2 b5 34. b4 h6
35. Qb6 1-0

[Event "Korosztályos Bajnokság u18l"]
[Site "Balatonlelle"]
[Date "2015.06.20"]
[Round "3.3"]
[White "Fekete, Agnes"]
[Black "Werner, Anna"]
[Result "1/2-1/2"]
[WhiteElo "1802"]
[BlackElo "2039"]
[PlyCount "98"]
[EventDate "2015.06.18"]
[EventType "tourn"]
[EventRounds "7"]
[EventCountry "HUN"]
[WhiteClock "0:38:30"]
[BlackClock "0:03:07"]

1. d4 d5 2. Nf3 Nf6 3. Bg5 Ne4 4. Bf4 c5 5. e3 Qb6 6. Qc1 cxd4 7. exd4 Nc6 8.
c3 f6 9. Be2 e5 10. Be3 exd4 11. Bxd4 Nxd4 12. cxd4 Bb4+ 13. Nc3 Qa5 14. O-O
Bxc3 15. bxc3 Qxc3 16. Bb5+ Kf7 17. Qf4 g5 18. Nxg5+ Nxg5 19. Rac1 Ne6 20. Qh6
Qa5 21. Be2 Bd7 22. Bh5+ Ke7 23. Rfe1 Rag8 24. Re3 Qb6 25. Rd1 Be8 26. Rde1 Bd7
27. Rg3 Qb4 28. Rd1 Rxg3 29. hxg3 Be8 30. Bg4 Bf7 31. a3 Qd6 32. Re1 Rg8 33.
Bxe6 Bxe6 34. Qxh7+ Kd8 35. Qxb7 Re8 36. Rc1 Bd7 37. Qxa7 Ke7 38. a4 Kf8 39. a5
Rc8 40. Rb1 Rc7 41. Qb8+ Bc8 42. a6 Rc1+ 43. Kh2 Qc7 44. Qxc7 Rxc7 45. Rb8 Ke7
46. a7 Rxa7 47. Rxc8 Ra4 48. Kh3 Rxd4 49. f4 Ke6 1/2-1/2

[Event "Korosztályos Bajnokság u18l"]
[Site "Balatonlelle"]
[Date "2015.06.20"]
[Round "3.4"]
[White "Arvai, Eszter"]
[Black "Terbe, Julianna"]
[Result "1/2-1/2"]
[WhiteElo "1954"]
[BlackElo "2248"]
[PlyCount "46"]
[EventDate "2015.06.18"]
[EventType "tourn"]
[EventRounds "7"]
[EventCountry "HUN"]
[WhiteClock "0:21:44"]
[BlackClock "0:14:50"]

1. e4 c5 2. Nf3 Nc6 3. Bb5 Nf6 4. Bxc6 dxc6 5. d3 g6 6. h3 Bg7 7. O-O Nd7 8.
Nc3 Nf8 9. Ne2 Ne6 10. c3 O-O 11. Be3 Qc7 12. Qc2 b6 13. a3 a5 14. d4 Rd8 15.
Rfd1 c4 16. Nd2 b5 17. b3 cxb3 18. Nxb3 a4 19. Nbc1 c5 20. d5 Nf8 21. Nd3 Nd7
22. Rab1 Ba6 23. f4 e6 1/2-1/2

[Event "Korosztályos Bajnokság u18l"]
[Site "Balatonlelle"]
[Date "2015.06.21"]
[Round "4.1"]
[White "Acs, Petra"]
[Black "Terbe, Julianna"]
[Result "1/2-1/2"]
[WhiteElo "1740"]
[BlackElo "2248"]
[PlyCount "57"]
[EventDate "2015.06.18"]
[EventType "tourn"]
[EventRounds "7"]
[EventCountry "HUN"]
[WhiteClock "0:39:49"]
[BlackClock "0:29:09"]

1. e4 c5 2. c3 d5 3. exd5 Qxd5 4. d4 Nc6 5. dxc5 Qxd1+ 6. Kxd1 e5 7. Be3 Nf6 8.
f3 Bf5 9. Nd2 O-O-O 10. Bc4 e4 11. Ke2 Ne5 12. Bb3 Nd3 13. Nc4 Bxc5 14. Bxc5
Nxc5 15. Ne3 Bg6 16. Nh3 Rhe8 17. Rad1 exf3+ 18. gxf3 Nxb3 19. Rxd8+ Kxd8 20.
Rd1+ Kc7 21. axb3 Bc2 22. Rd4 Bxb3 23. Kf2 Kc6 24. Nf4 a5 25. Nd3 b5 26. Nf5 g6
27. Rd6+ Kc7 28. Rxf6 gxf5 29. Rxf5 1/2-1/2

[Event "Korosztályos Bajnokság u18l"]
[Site "Balatonlelle"]
[Date "2015.06.21"]
[Round "4.2"]
[White "Werner, Anna"]
[Black "Arvai, Eszter"]
[Result "1/2-1/2"]
[WhiteElo "2039"]
[BlackElo "1954"]
[PlyCount "51"]
[EventDate "2015.06.18"]
[EventType "tourn"]
[EventRounds "7"]
[EventCountry "HUN"]
[WhiteClock "0:01:31"]
[BlackClock "0:05:42"]

1. d4 d5 2. c4 e6 3. Nc3 Nf6 4. Bg5 Nbd7 5. cxd5 exd5 6. e3 Bb4 7. Bd3 c5 8. a3
Bxc3+ 9. bxc3 Qa5 10. Qd2 O-O 11. f3 Re8 12. Ne2 h6 13. Bh4 Re6 14. Ra2 Rb6 15.
O-O Nf8 16. Bg3 Re6 17. Rb1 a6 18. Rab2 N8d7 19. Bf5 Rb6 20. Bh4 Rxb2 21. Qxb2
b5 22. e4 dxe4 23. fxe4 Qb6 24. e5 Nd5 25. Bg3 Ne3 26. Be4 1/2-1/2

[Event "Korosztályos Bajnokság u18l"]
[Site "Balatonlelle"]
[Date "2015.06.21"]
[Round "4.3"]
[White "Egyed, Viktoria"]
[Black "Fekete, Agnes"]
[Result "1/2-1/2"]
[WhiteElo "1975"]
[BlackElo "1802"]
[PlyCount "98"]
[EventDate "2015.06.18"]
[EventType "tourn"]
[EventRounds "7"]
[EventCountry "HUN"]
[WhiteClock "0:26:35"]
[BlackClock "0:31:40"]

1. e4 c5 2. c3 d5 3. exd5 Qxd5 4. d4 Nc6 5. Nf3 Nf6 6. Be2 cxd4 7. cxd4 e6 8.
Nc3 Qd8 9. O-O Be7 10. Be3 O-O 11. Qd2 a6 12. a4 Bd7 13. Rfd1 Rc8 14. d5 exd5
15. Nxd5 Nxd5 16. Qxd5 Be6 17. Qh5 Qa5 18. Ng5 Bxg5 19. Bxg5 Qe5 20. Bc1 f5 21.
Ra3 Nd4 22. Re3 Qc5 23. Rh3 Nxe2+ 24. Qxe2 Rf6 25. Bg5 Rg6 26. Rc3 Bc4 27. Qd2
h6 28. Be3 Qc6 29. g3 Qe6 30. Rdc1 Rc6 31. Re1 Qd5 32. Qxd5+ Bxd5 33. Bd4 Rxc3
34. Bxc3 Re6 35. Rxe6 Bxe6 36. Kg2 Kf7 37. Kf3 g5 38. h3 Bb3 39. a5 Ke6 40. h4
Bd1+ 41. Ke3 gxh4 42. gxh4 Kf7 43. Kf4 Kg6 44. Be5 Be2 45. Bd6 Bd3 46. Ke5 Kh5
47. Be7 Kg4 48. f4 h5 49. Bg5 Be4 1/2-1/2

[Event "Korosztályos Bajnokság u18l"]
[Site "Balatonlelle"]
[Date "2015.06.21"]
[Round "4.4"]
[White "Haszon, Kamilla Sara"]
[Black "Terbe, Zsuzsanna"]
[Result "0-1"]
[WhiteElo "2009"]
[BlackElo "2123"]
[PlyCount "114"]
[EventDate "2015.06.18"]
[EventType "tourn"]
[EventRounds "7"]
[EventCountry "HUN"]
[WhiteClock "0:09:19"]
[BlackClock "0:03:04"]

1. e4 c5 2. Nf3 e6 3. d4 cxd4 4. Nxd4 a6 5. Bd3 Bc5 6. Be3 d6 7. c3 Nd7 8. Nd2
Ngf6 9. O-O O-O 10. Bc2 e5 11. N4f3 b5 12. a4 Bb7 13. Qe2 Qb6 14. Bg5 Qc6 15.
Nb3 Bb6 16. a5 Ba7 17. Nbd2 Rac8 18. Ne1 d5 19. exd5 Qxd5 20. Bb3 Qc6 21. Rd1
Rfe8 22. Ndf3 Bb8 23. Bxf6 Nxf6 24. Ng5 Re7 25. Qc2 e4 26. Qe2 Qc7 27. g3 Rce8
28. Nc2 h6 29. Nh3 Bc8 30. Nf4 Bg4 31. Qd2 Rd7 32. Nd4 Bxd1 33. Rxd1 e3 34.
fxe3 Qe5 35. Re1 Ne4 36. Qg2 Bc7 37. Qh3 Rd6 38. Nd3 Qe7 39. Nf4 Ng5 40. Qg4
Qd7 41. Qh5 Bxa5 42. Re2 Bb6 43. Bc2 Bxd4 44. cxd4 Rc6 45. d5 Rc7 46. e4 Qc8
47. Bd3 Rc1+ 48. Kg2 Qc5 49. Rf2 Qe3 50. Ne6 Re7 51. Nxg5 hxg5 52. d6 Qxd3 53.
dxe7 Qxe4+ 54. Kh3 Qxe7 55. Re2 Qd7+ 56. Kg2 g4 57. Qg5 Qc6+ 0-1

[Event "Korosztályos Bajnokság u18l"]
[Site "Balatonlelle"]
[Date "2015.06.22"]
[Round "5.1"]
[White "Terbe, Zsuzsanna"]
[Black "Acs, Petra"]
[Result "1-0"]
[WhiteElo "2123"]
[BlackElo "1740"]
[PlyCount "47"]
[EventDate "2015.06.18"]
[EventType "tourn"]
[EventRounds "7"]
[EventCountry "HUN"]
[WhiteClock "0:32:57"]
[BlackClock "0:47:42"]

1. e4 e6 2. d4 d5 3. Nd2 dxe4 4. Nxe4 Bd7 5. Nf3 Bc6 6. Bd3 Nd7 7. O-O Ngf6 8.
Ng3 Be7 9. b3 O-O 10. Bb2 Bxf3 11. Qxf3 c6 12. c4 Qb6 13. Rad1 c5 14. d5 exd5
15. cxd5 Rfe8 16. Nf5 Bf8 17. Ne3 Qc7 18. Bb1 Ne5 19. Qg3 Rac8 20. Nf5 Ng6 21.
d6 Qd7 22. Bxf6 gxf6 23. h4 Kh8 24. f4 1-0

[Event "Korosztályos Bajnokság u18l"]
[Site "Balatonlelle"]
[Date "2015.06.22"]
[Round "5.2"]
[White "Fekete, Agnes"]
[Black "Haszon, Kamilla Sara"]
[Result "0-1"]
[WhiteElo "1802"]
[BlackElo "2009"]
[PlyCount "56"]
[EventDate "2015.06.18"]
[EventType "tourn"]
[EventRounds "7"]
[EventCountry "HUN"]
[WhiteClock "0:29:54"]
[BlackClock "0:28:48"]

1. d4 Nf6 2. Bg5 Ne4 3. Bf4 c5 4. f3 Qa5+ 5. c3 Nf6 6. d5 Qb6 7. b3 d6 8. e4 e6
9. dxe6 fxe6 10. c4 Be7 11. Nc3 O-O 12. Bd2 Qd8 13. Bd3 d5 14. cxd5 exd5 15.
Nxd5 Nxd5 16. exd5 Bd6 17. Ne2 Qh4+ 18. g3 Qh3 19. Bf4 Be7 20. d6 Bf6 21. Rc1
g5 22. Rxc5 Nd7 23. Bf5 Qg2 24. Qd5+ Kh8 25. Rg1 Qxh2 26. Bxd7 Bxd7 27. Bxg5
Rae8 28. Bxf6+ Rxf6 0-1

[Event "Korosztályos Bajnokság u18l"]
[Site "Balatonlelle"]
[Date "2015.06.22"]
[Round "5.3"]
[White "Arvai, Eszter"]
[Black "Egyed, Viktoria"]
[Result "1/2-1/2"]
[WhiteElo "1954"]
[BlackElo "1975"]
[PlyCount "60"]
[EventDate "2015.06.18"]
[EventType "tourn"]
[EventRounds "7"]
[EventCountry "HUN"]
[WhiteClock "0:10:13"]
[BlackClock "0:14:22"]

1. e4 c5 2. Nf3 e6 3. d4 cxd4 4. Nxd4 a6 5. c4 Qc7 6. Nc3 Nf6 7. Be2 Be7 8. O-O
O-O 9. Be3 Nc6 10. f3 b6 11. Rc1 Rb8 12. a3 Bb7 13. b4 Ba8 14. Nb3 Rfd8 15. Qe1
d5 16. cxd5 exd5 17. exd5 Nxd5 18. Nxd5 Rxd5 19. f4 Qd7 20. Qf2 Bf6 21. Bxb6
Bb2 22. Rc2 Bxa3 23. Bc4 Rd1 24. Nc5 Rxf1+ 25. Bxf1 Qf5 26. Bd3 Qg4 27. Be2 Qf5
28. Bd3 Qg4 29. Be2 Qf5 30. Bd3 Qg4 1/2-1/2

[Event "Korosztályos Bajnokság u18l"]
[Site "Balatonlelle"]
[Date "2015.06.22"]
[Round "5.4"]
[White "Terbe, Julianna"]
[Black "Werner, Anna"]
[Result "1-0"]
[WhiteElo "2248"]
[BlackElo "2039"]
[PlyCount "127"]
[EventDate "2015.06.18"]
[EventType "tourn"]
[EventRounds "7"]
[EventCountry "HUN"]
[WhiteClock "0:01:42"]
[BlackClock "0:00:42"]

1. Nf3 d5 2. g3 Nf6 3. Bg2 Bf5 4. O-O e6 5. d3 Bd6 6. Nbd2 O-O 7. Qe1 e5 8. e4
dxe4 9. dxe4 Bd7 10. Qe2 Re8 11. c3 Nc6 12. Nc4 Bf8 13. a4 a6 14. Rd1 Qc8 15.
Bg5 Bg4 16. Bxf6 gxf6 17. Ne3 Ne7 18. Nxg4 Qxg4 19. Qc4 Rac8 20. Nh4 Qe6 21.
Qe2 Rcd8 22. Bf3 Ng6 23. Bg4 Qb3 24. Ng2 Rd6 25. Ne3 Red8 26. Nd5 Rxd5 27. exd5
Rxd5 28. Rxd5 Qxd5 29. Bf3 Qb3 30. Rd1 Bd6 31. Bd5 Qxa4 32. Bxb7 a5 33. Bd5 Kg7
34. b3 Qd7 35. Bc4 Ne7 36. h4 Qf5 37. Kg2 Bc5 38. h5 h6 39. Rd8 e4 40. Rd1 Nc6
41. Rd5 Qf3+ 42. Qxf3 exf3+ 43. Kxf3 Bb6 44. Ke2 Kf8 45. Rd7 Ne7 46. Rd8+ Kg7
47. g4 Nc6 48. Ra8 Ne7 49. Re8 Bc5 50. f4 Nc6 51. Kf3 f5 52. gxf5 Ne7 53. Ke4
Kf6 54. Ra8 Nxf5 55. Rxa5 Nd6+ 56. Kf3 Bb6 57. Ra8 Nf5 58. Rb8 Bc5 59. Bd3 Ng7
60. Rh8 Ne6 61. Kg4 Bd6 62. Bf5 Nf8 63. Rxh6+ Kg7 64. Rxd6 1-0

[Event "Korosztályos Bajnokság u18l"]
[Site "Balatonlelle"]
[Date "2015.06.23"]
[Round "6.2"]
[White "Egyed, Viktoria"]
[Black "Terbe, Julianna"]
[Result "0-1"]
[WhiteElo "1975"]
[BlackElo "2248"]
[PlyCount "72"]
[EventDate "2015.06.18"]
[EventType "tourn"]
[EventRounds "7"]
[EventCountry "HUN"]
[WhiteClock "0:02:47"]
[BlackClock "0:02:52"]

1. e4 c5 2. Nf3 Nc6 3. Bb5 Qc7 4. O-O a6 5. Bxc6 dxc6 6. Re1 e5 7. d3 Ne7 8. b3
Ng6 9. Bb2 Be7 10. Nbd2 Be6 11. Nf1 f6 12. Ne3 O-O 13. h3 Nf4 14. Nh4 g6 15.
Ng4 Qd7 16. Kh2 h5 17. Ne3 Kh7 18. Qf3 Rh8 19. Nc4 Raf8 20. Qg3 g5 21. Nf3 h4
22. Nxh4 gxh4 23. Qxh4+ Kg7 24. Qg3+ Ng6 25. Kg1 Rh5 26. Bc1 Kf7 27. f4 exf4
28. Bxf4 Nxf4 29. Qxf4 Rg8 30. Rf1 Qd4+ 31. Qf2 Bxh3 32. Ne3 Rhg5 33. Qf3 Bxg2
34. Qf4 Bxf1+ 35. Kxf1 Qxa1+ 36. Ke2 Rg2+ 0-1

[Event "Korosztályos Bajnokság u18l"]
[Site "Balatonlelle"]
[Date "2015.06.23"]
[Round "6.3"]
[White "Haszon, Kamilla Sara"]
[Black "Arvai, Eszter"]
[Result "0-1"]
[WhiteElo "2009"]
[BlackElo "1954"]
[PlyCount "98"]
[EventDate "2015.06.18"]
[EventType "tourn"]
[EventRounds "7"]
[EventCountry "HUN"]
[WhiteClock "0:46:02"]
[BlackClock "0:04:20"]

1. e4 e5 2. Nf3 Nc6 3. Bb5 a6 4. Ba4 Nf6 5. O-O Be7 6. Re1 b5 7. Bb3 O-O 8. c3
d6 9. d4 Bg4 10. d5 Nb8 11. Nbd2 Nbd7 12. Nf1 Re8 13. Ng3 g6 14. h3 Bxf3 15.
Qxf3 Bf8 16. Bg5 h6 17. Bd2 Bg7 18. Bc2 Rc8 19. a4 Nb6 20. axb5 axb5 21. b3 c5
22. dxc6 d5 23. Bd3 dxe4 24. Nxe4 Nxe4 25. Qxe4 f5 26. Qe2 Rxc6 27. Bxb5 Rd6
28. Bxe8 Rxd2 29. Qb5 Rd5 30. Qa6 Rd6 31. Bb5 e4 32. Qb7 Qf8 33. Ra7 Nc8 34. c4
Nxa7 35. Qxa7 Rd2 36. Rf1 Bd4 37. Qa6 Kh7 38. Qe6 Qg7 39. Bc6 Qa7 40. Bd5 Bxf2+
41. Kh1 Qg7 42. b4 e3 43. Bf3 Rd7 44. c5 Re7 45. Qc4 Qe5 46. c6 Bg3 47. Be2 Qb2
48. b5 Bc7 49. Rd1 Qe5 0-1

[Event "Korosztályos Bajnokság u18l"]
[Site "Balatonlelle"]
[Date "2015.06.23"]
[Round "6.4"]
[White "Terbe, Zsuzsanna"]
[Black "Fekete, Agnes"]
[Result "1-0"]
[WhiteElo "2123"]
[BlackElo "1802"]
[PlyCount "81"]
[EventDate "2015.06.18"]
[EventType "tourn"]
[EventRounds "7"]
[EventCountry "HUN"]
[WhiteClock "0:30:59"]
[BlackClock "0:31:10"]

1. d4 Nf6 2. Nf3 g6 3. g3 Bg7 4. Bg2 O-O 5. c4 d6 6. O-O Nbd7 7. Nc3 e5 8. dxe5
dxe5 9. Qd2 Nh5 10. Rd1 c6 11. Ne4 Qe7 12. Nd6 Nc5 13. Qe3 b6 14. Nxc8 Raxc8
15. Bd2 f5 16. Bb4 e4 17. Nd2 Rcd8 18. Nb3 Rxd1+ 19. Rxd1 Rd8 20. Rxd8+ Qxd8
21. Nxc5 bxc5 22. Bxc5 Qd1+ 23. Bf1 Bxb2 24. Bxa7 Qa4 25. Qb3 Qxa7 26. Qxb2 e3
27. f4 Qa5 28. Qb8+ Kg7 29. Qb7+ Kh6 30. Qxc6 Qe1 31. Qf3 Qc1 32. h3 Nf6 33.
Kh2 Ne4 34. Bg2 Kg7 35. g4 Nd2 36. Qb7+ Kf8 37. Bd5 Nf1+ 38. Kg2 Ke8 39. Bc6+
Kf8 40. Qc8+ Kg7 41. Qd7+ 1-0